| 000 | 00447cam a2200181ua 4500 | ||
|---|---|---|---|
| 001 | 10483 | ||
| 008 | 190307n ii |||gr||||Z||||||eng | ||
| 020 | _a9789351343202 | ||
| 040 | _cMAIN | ||
| 082 | _a005 | ||
| 100 |
_aE balagurusamy, _eAuthor. |
||
| 245 | _aProgramming with java | ||
| 250 | _a5th ed. | ||
| 260 |
_aChennai: _bmcgraw hill education, _c2015. |
||
| 300 | _a460p. | ||
| 653 | _aComputer programming, programs & data | ||
| 942 | _cBK | ||
| 999 |
_c9468 _d9468 |
||